Statistics for Internazionale Milano Squad 2018-2019

Click here to take the quiz!

General Stats

  • This quiz has been taken 145 times
    (135 since last reset)
  • The average score is 19 of 23

Answer Stats

RuoloGiocatoreNazionalità% Correct
GKSamir HandanovićSlovenia
99%
CBMilan ŠkriniarSlovakia
96%
CBStefan de VrijNetherlands
94%
STMauro IcardiArgentina
92%
LWIvan PerišićCroatia
92%
CMMarcelo BrozovićCroatia
92%
STLautaro MartínezArgentina
92%
LBKwadwo AsamoahGhana
89%
CMMatías VecinoUruguay
87%
CMBorja ValeroSpain
85%
RWAntonio CandrevaItaly
82%
CBMirandaBrazil
81%
CMRadja NainggolanBelgium
80%
CMJoão MárioPortugal
78%
RBŠime VrsaljkoCroatia
77%
CBAndrea RanocchiaItaly
74%
RBDanilo D'AmbrosioItaly
73%
LWKeita BaldéSenegal
71%
RW/LWMatteo PolitanoItaly
67%
LBDalbertBrazil
65%
CMRoberto GagliardiniItaly
65%
GKTommaso BerniItaly
61%
GKDaniele PadelliItaly
59%

Score Distribution

Percentile by Number Answered

Percent of People with Each Score

Your Score History

You have not taken this quiz since the last reset